1297 1189 1153 1775 1628 1946 1097 1339 1775 1109 1192 1943 1364 1390 1654 1128 1682 1794 1525 1166 1971 1113 1652 1185 1450 1798 1320 1990 1202 1961 1266 1809 1406 1783 1171 1083 1061 1210 1649 1139 1691 1742 1677 1696 1111 1736 1746 1325 1146 1082 1056 1460 1363 1831 1066 1111 1907 1769 1584 1461 1120 1072 1742 1017 1506 1206 1266 1681 1336 1641 1481 1159 1605 1970 1391 1884 1628 1377 1355 1258 1494 1423 1130 1388 1614 1868 1781 1482 1955 1574 1882 1858 1414 1880 1629 1630 1601 1883 1155 BCNSPRNW ULIB Ver.6.0+V

เปลี่ยนเป็นภาษาไทย

Change to English
 แสดงรายละเอียดบรรณานุกรม
  กลับหน้าหลัก

Brief Record : Get Marc (ISO 2709) : E-mail record : QR code < ปิดหน้าต่าง
LEADER : 00000nam 2200000uu 4500
001    13399123276
003     ULIB
008    140813s2555||||th 000 0 tha d
020    ^a9786169144700
050  4 ^aHC445.Z9p63
100    ^aสุปาณี เสนาดิสัย
245    ^aการบูรณาการเนื้อหาการควบคุมการบริโภคยาสูบเข้าสู่หลักสูตรการศึกษาพยาบาลระบบปกติซบทเรียนจากสถาบันนำร่อง
260    ^aอัพทรูยูครีเอทนิว :^bกรุงเทพมหานคร,^c2555
300    ^a97 หน้า
500    ^aแนวทางการบูรณาการเนื้อหาการควบคุมการบริโภคยาสูบเข้าสู่หลักสูตรการศึกษาพยาบาล การบูรณาการเนื้อหาการควบคุมการบริโภคยาสูบเข้าสู่หลักสูตรการศึกษาพยาบาลคณะพยาบาลศาสตร์มหาวิทยาลัยศรีนครินทรวิโรฒ
650    ^aการบริโภคยาสูบ
945    ^p0^l0^i034577
945    ^p0^l0^i034578
945    ^p0^l0^i034579
945    ^p0^l0^i034580
999    ^aเกษร โพธิ์สุวรรณ
รายการนี้ยังไม่มีแท็ก
คุณยังไม่ได้ล็อกอิน คุณสามารถมีกิจกรรมร่วมกับเว็บไซต์ได้ แต่ต้องล็อกอินก่อน ::
  ล็อกอิน

รายการสื่อสารสนเทศ

ลำดับที่ ประเภท เลขเรียก/บาร์โค้ด สถานที่ สถานะ
1. วิทยาศาสตร์การแพทย์ และสุขภาพ
หนังสือสำรอง
สถานะ=หนังสือสำรอง
HC445.Z9p63 ฉ.1 
  Barcode: 034577
ห้องสมุดวิทยาเขตสวรรค์ประชารักษ์
►หนังสือทั่วไป
บนชั้น
2. วิทยาศาสตร์การแพทย์ และสุขภาพ
วิทยาศาสตร์การแพทย์ และสุขภาพ
HC445.Z9p63 ฉ.2 
  Barcode: 034578
ห้องสมุดวิทยาเขตสวรรค์ประชารักษ์
►หนังสือทั่วไป
บนชั้น
3. วิทยาศาสตร์การแพทย์ และสุขภาพ
วิทยาศาสตร์การแพทย์ และสุขภาพ
HC445.Z9p63 ฉ.3 
  Barcode: 034579
ห้องสมุดวิทยาเขตสวรรค์ประชารักษ์
►หนังสือทั่วไป
บนชั้น
4. วิทยาศาสตร์การแพทย์ และสุขภาพ
วิทยาศาสตร์การแพทย์ และสุขภาพ
HC445.Z9p63 ฉ.4 
  Barcode: 034580
ห้องสมุดวิทยาเขตสวรรค์ประชารักษ์
►หนังสือทั่วไป
บนชั้น

รายการใกล้เคียง
    ผู้แต่ง [สุปาณี เสนาดิสัย]

BibComment


ยังไม่เคยถูกคอมเมนท์

คอมเมนท์ทรัพยากรรายการนี้
  คอมเมนท์: การบูรณาการเนื้อ..


 Copyright 2026. Bcnsprnw @Library